Enfant d'Octobre (L')
| Auteur principal : | Philippe Besson |
|---|---|
| Titre : | Enfant d'Octobre (L') |
| Support : | Livres |
| Langue : | |
| Publié : |
2006 Grasset Paris |
| Genre : |
Roman |
| Sujets : | |
| Étiquettes : |
Pas de tags
|
| LEADER | 00451nam0a2200133 450 | ||
|---|---|---|---|
| 001 | 16809769 | ||
| 010 | |a 2-246-67861-7 |d 14,9 | ||
| 100 | |a 20060809d2006 u u0frey01 ba | ||
| 200 | 0 | |a Enfant d'Octobre (L') |f Besson Philippe | |
| 210 | |a Paris |b 61 rue des Saints Pères. |c Grasset |d 2006 | ||
| 700 | 0 | |a Besson |b Philippe |f 1967-.... |4 70 | |
| 900 | |a Roman | ||
| 901 | |a Adultes | ||
| 995 | |a Médiathèque |c Médiathèque |f 089008624 |h 089008624 |k R BES |o p |q a |r az |e Médiathèque | ||